[Event "Witten (ch open)"]
[Site "Annen"]
[Date "2012.03.13"]
[Round "6"]
[White "Leckebusch, Hans Peter"]
[Black "Claus, Joachim"]
[Result "0-1"]
[WhiteElo "1893"]
[BlackElo "1638"]
[PlyCount "113"]
[EventDate "2012.02.03"]
[EventType "swiss"]
[EventRounds "7"]
[EventCountry "GER"]
[Source "Lothar Stergar"]
[SourceDate "2012.02.04"]

1. d4 d5 2. e3 Bf5 3. Nf3 Nf6 4. b3 (4. c4 {- Luebke,H (1229)-Hoelzer,T (1707),
(5) 2011}) 4... Nbd7 5. Ba3 c6 {#} 6. Be2 (6. Bd3 Bxd3 7. Qxd3 e5 8. dxe5 Bxa3
9. Nxa3 Qa5+ 10. c3 Qxa3 11. exf6 Nxf6 12. O-O Qe7 13. Rac1 O-O 14. Nd4 Rad8
15. b4 a6 16. a4 Nd7 17. Nb3 Ne5 18. Qd4 Rd6 19. Nc5 Re8 20. Rce1 Rh6 21. f4
Ng4 22. h3 Nf6 23. c4 dxc4 24. e4 b5 25. Nxa6 Rd8 26. Qb6 bxa4 27. Rd1 Rf8 28.
Rfe1 Nh5 29. Qe3 Qb7 30. Nc5 Qxb4 31. g4 Nxf4 32. Rb1 Nxh3+ 33. Kg2 Nf4+ 34.
Kf2 Qxc5 {0-1 Shao Shuai (2149)-Le Thanh Tu (2305), Budapest 2009}) (6. c3 e6
7. Bxf8 Nxf8 8. Be2 Ng6 9. Nbd2 Qc7 10. O-O O-O 11. Rc1 e5 12. dxe5 Nxe5 13.
Nxe5 Qxe5 14. Nf3 Qe7 15. Qd4 Qa3 16. Ra1 Rfe8 17. Rfd1 Bg6 18. Ne5 c5 19. Qf4
Ne4 20. Bd3 Nxc3 21. Rd2 b5 22. Bxg6 fxg6 23. Qf7+ Kh8 24. Qc7 c4 25. bxc4 Re7
26. Nf7+ Kg8 27. Qd6 Qxd6 28. Nxd6 bxc4 29. Rc1 d4 30. Rdc2 Re6 31. Nxc4 Rc8
32. Nb2 {1/2-1/2 Holly,M (2146)-Marko,M (2134), Slovensko 2002}) 6... Qa5+ 7.
Qd2 Qxd2+ 8. Kxd2 Ne4+ 9. Ke1 f6 10. Nh4 Be6 11. Bd3 g5 12. Nf3 g4 13. Nfd2 f5
14. c4 Bg7 15. Bb2 Ndc5 16. Bc2 h5 17. Nc3 Nxd2 18. Kxd2 Ne4+ 19. Nxe4 fxe4 20.
c5 Rf8 21. Ke2 b6 22. b4 Bc8 23. Bc3 Ba6+ 24. Ke1 Kd7 25. Bd1 Rf7 26. Be2 Bxe2
27. Kxe2 Raf8 28. Be1 e5 29. Rd1 exd4 30. exd4 bxc5 31. bxc5 Rb8 32. Bc3 Ke6
33. h3 gxh3 34. Rxh3 Rf5 35. Rdh1 Rbf8 36. f3 exf3+ 37. Rxf3 Rxf3 38. gxf3 Rf5
39. a4 Bf6 40. a5 Rg5 41. a6 Rg2+ 42. Kd3 Ra2 43. Rxh5 Rxa6 44. Rh7 Bg5 45. Rc7
Bd8 46. Rh7 Ra3 47. Rb7 Ba5 48. Rxa7 Rxc3+ 49. Ke2 Ra3 50. Ra6 Kd7 51. f4 Bb4
52. Rb6 Bc3 53. Rb7+ Kc8 54. Rb6 Kc7 55. Rb1 Bxd4 56. Ke1 Re3+ 57. Kd2 0-1

[Event "Witten (ch open)"]
[Site "Annen"]
[Date "2012.03.13"]
[Round "6"]
[White "Kurz, Heinrich"]
[Black "Daemmrich, Dagmar"]
[Result "1-0"]
[WhiteElo "1634"]
[BlackElo "1136"]
[PlyCount "57"]
[EventDate "2012.02.03"]
[EventRounds "7"]
[EventCountry "GER"]
[Source "Lothar Stergar"]
[SourceDate "2012.02.04"]

1. d4 d5 2. c4 Nf6 3. Nc3 e6 4. Bf4 Be7 5. Nf3 O-O 6. e3 b6 7. cxd5 exd5 (7...
Nxd5 {- Smikalla,R (1951)-Pasdziernik,M (1513), (3) 2000}) 8. Be2 c6 9. O-O
Nbd7 10. Rc1 {#} Nh5 (10... Bb7 11. h3 (11. Qb3 Ne8 12. Bd3 Nc7 13. Rfe1 Ne6
14. Bg3 Bf6 15. Bf5 Re8 16. Qc2 h6 17. Bxe6 Rxe6 18. e4 dxe4 19. Rxe4 Rxe4 20.
Nxe4 c5 21. Nxf6+ Qxf6 22. dxc5 Nxc5 23. Qc3 Qxc3 24. Rxc3 Ne4 25. Rc7 Rd8 26.
Kf1 Nxg3+ 27. fxg3 Ba6+ 28. Ke1 Re8+ 29. Kd1 Be2+ 30. Kd2 a5 31. Rb7 Bf1 32.
Rxb6 Bxg2 33. Nd4 Bf1 34. Rd6 Rb8 35. Kc3 Kf8 36. Nc6 Ra8 37. Rd8+ Rxd8 38.
Nxd8 Bg2 39. Kc4 Ke7 40. Nxf7 Kxf7 41. Kb5 Bd5 42. a4 Ke7 43. Kxa5 Kd6 44. Kb6
Kd7 45. b4 Kd6 46. a5 Kd7 47. b5 Kc8 48. Ka7 Bb7 49. b6 g5 50. a6 Bxa6 51. Kxa6
Kb8 52. b7 h5 53. h3 g4 54. h4 Kc7 55. Ka7 Kd7 56. b8=Q {1-0 Blinstrubis,M 
(1648)-Narva,M, Panevezys 2008}) 11... Re8 12. Qa4 a5 13. Rfd1 Bf8 14. Qc2 g6
15. Nd2 Rc8 16. Bf3 c5 17. Qb1 cxd4 18. exd4 Re6 19. Nf1 Bd6 20. Bg5 Qf8 21.
Ne3 Bb8 22. Ncxd5 Rxc1 23. Qxc1 Ne4 24. Bf4 Ndf6 25. Nxf6+ Rxf6 26. Bxe4 Bxe4
27. Bxb8 Qxb8 28. Ng4 Rc6 29. Qg5 Qd6 30. Re1 Qxd4 31. Qe5 Qxe5 32. Nxe5 Rc2
33. Rxe4 Rxb2 34. a4 b5 35. axb5 Rxb5 {1-0 Lputian,S (2625)-Arlandi,E (2465),
Montecatini Terme 1999}) 11. Be5 Nxe5 12. Nxe5 Nf6 13. Nxc6 Qd7 14. Bf3 Qxc6
15. Nxd5 Qd7 16. Nxe7+ Qxe7 17. Bxa8 Bb7 18. Bxb7 Qxb7 19. Qc2 Nd5 20. a3 a5
21. Qc6 Qxc6 22. Rxc6 Rb8 23. Rfc1 Ne7 24. Rc7 Kf8 25. e4 f6 26. d5 Ke8 27. d6
Ng6 28. Rxg7 Ne5 29. Rg8+ 1-0

[Event "Witten (ch open)"]
[Site "Annen"]
[Date "2012.03.16"]
[Round "6"]
[White "Luebke, Hans Joachim"]
[Black "Koch, Detlev"]
[Result "1/2-1/2"]
[WhiteElo "1277"]
[BlackElo "1341"]
[PlyCount "81"]
[EventDate "2012.02.03"]
[EventType "swiss"]
[EventRounds "7"]
[EventCountry "GER"]
[Source "Lothar Stergar"]
[SourceDate "2012.02.04"]

1. d4 Nf6 2. e3 d5 3. Bd3 g6 (3... c5 {- Eichner,D-Fieberg,N (1778), (6) 2002})
4. Nf3 Bg4 5. Nbd2 Bg7 6. b3 Nbd7 7. Bb2 c5 8. O-O O-O {#} 9. Re1 (9. c4 cxd4
10. exd4 dxc4 11. bxc4 e5 12. h3 Bxf3 13. Qxf3 exd4 14. Bxd4 Qc7 15. Rfd1 Rfe8
16. Bf1 Ne5 17. Qc3 Re6 18. Rab1 Nc6 19. Nf3 Rd8 20. Qb3 Nxd4 21. Rxd4 Nd7 22.
Rd5 Rb6 23. Qd1 Rxb1 24. Qxb1 Nc5 25. Qb5 Rc8 26. g3 a6 27. Qb1 Re8 28. Qd1 Ne4
29. Qb3 Bf8 30. Ng5 Nf6 31. Rd1 h6 32. Nf3 Bc5 33. Nh2 Ne4 34. Ng4 h5 35. Ne3
Nxf2 36. Nd5 Nxd1+ 37. Kh2 Qe5 38. Qxd1 Bf2 39. Qf3 Bd4 40. c5 h4 41. Bc4 Qxg3+
42. Qxg3 hxg3+ 43. Kxg3 Kg7 {0-1 Bozic,S (2230)-Cosic,M (2295), Zagreb 1993}) (
9. h3 Bxf3 10. Nxf3 Rc8 11. a3 c4 12. bxc4 dxc4 13. Be2 c3 14. Bc1 Ne4 15. Bd3
Nd6 16. a4 e5 17. Ba3 Qc7 18. dxe5 Nxe5 19. Nxe5 Bxe5 20. f4 Bg7 21. Bxg6 Rfd8
22. Bd3 Nc4 23. Qh5 h6 24. Qf5 Rxd3 25. Qxd3 Rd8 26. Qe4 Nd2 27. Qf5 Nxf1 28.
Rxf1 Qc6 29. Rf3 Qg6 30. Qxg6 fxg6 31. e4 Rd1+ 32. Kh2 Bd4 33. Bb4 Rd2 34. Bxc3
Bxc3 35. Rxc3 Rd4 36. Rc8+ Kf7 37. Rc7+ Kf6 38. Rxb7 Rxa4 39. g4 Rxe4 40. Rxa7
Re2+ 41. Kg3 Rxc2 42. Ra6+ Kf7 43. f5 gxf5 44. gxf5 Kg7 45. Rg6+ Kh7 46. Kg4
Rc5 47. Kf4 Rc3 48. h4 Rc4+ 49. Kg3 Rc5 50. Kg4 Ra5 51. Re6 Kg7 52. Re7+ Kf6
53. Re6+ Kg7 54. Rg6+ Kh7 55. Rd6 Kg7 56. Rg6+ Kh7 57. Re6 {1/2-1/2 Moskow,E 
(2200)-Garavito,M (2069), Dos Hermanas 2004}) 9... a6 10. Qc1 b5 11. Ne5 Be6
12. f4 Nxe5 13. fxe5 Nd7 14. Nf3 c4 15. bxc4 bxc4 16. Be2 Bf5 17. Nh4 Be4 18.
Bf3 f5 19. Be2 e6 20. Nf3 Qa5 21. c3 Rfb8 22. Ng5 Nb6 23. Nxe4 fxe4 24. Qd2 Na4
25. Reb1 Rb7 26. Bd1 Rab8 27. Bxa4 Qxa4 28. Qc1 Qd7 29. Ba3 Rxb1 30. Rxb1 Rb5
31. Rxb5 Qxb5 32. Bb4 a5 33. Bc5 Bf8 34. Bxf8 Kxf8 35. Qc2 Kg7 36. g4 Qe8 37.
Qf2 h6 38. Qf6+ Kh7 39. h4 h5 40. g5 Kg8 41. Kg2 1/2-1/2

[Event "Witten (ch open)"]
[Site "Annen"]
[Date "2012.03.23"]
[Round "7"]
[White "Winterkamp, Sascha"]
[Black "Morawietz, Manuel"]
[Result "1-0"]
[WhiteElo "1953"]
[BlackElo "1836"]
[PlyCount "101"]
[EventDate "2012.02.03"]
[EventType "swiss"]
[EventRounds "7"]
[EventCountry "GER"]
[Source "Lothar Stergar"]
[SourceDate "2012.02.04"]

1. d4 d5 2. Nf3 Nf6 3. c3 e6 4. Bg5 c5 5. e3 Nc6 6. Nbd2 Bd6 7. Qc2 (7. Bd3 {
- Winterkamp,S (1953)-Dahlbeck,M (1750), (1) 2012}) 7... h6 8. Bh4 {#} b6 (8...
O-O 9. Be2 cxd4 10. exd4 Re8 11. O-O Qc7 12. Bg3 Bxg3 13. hxg3 e5 14. dxe5 Nxe5
15. Nd4 Bd7 16. N2f3 Re7 17. Rfe1 Rae8 18. Bd3 Nxd3 19. Qxd3 Re4 20. Re2 Rxe2
21. Nxe2 Qb6 22. Qc2 Bf5 23. Qxf5 Rxe2 24. Nd4 Rxb2 25. Re1 Qc5 26. Qf4 Rxa2
27. Kh1 Ne4 28. f3 Qxc3 29. Rc1 Qxd4 30. Rc8+ Kh7 31. Qf5+ g6 32. Qxf7+ Qg7 33.
Qxg7+ Kxg7 34. fxe4 dxe4 35. Rc7+ Kf6 36. Rxb7 e3 37. Rb1 e2 38. Kg1 Rd2 39.
Re1 Rd1 40. Kf2 Rxe1 41. Kxe1 Kg5 42. Kxe2 Kg4 43. Kf2 a5 {0-1 Mohand Oussaid,
M (2041)-Abdelmoumen,A (2222), email 2008}) 9. Bb5 Bd7 10. dxc5 Bxc5 11. e4 Be7
12. Qa4 Rc8 13. e5 Nh7 14. Bxe7 Nxe7 15. O-O-O Rc7 16. Nd4 O-O 17. f4 Qe8 18.
N2f3 Bxb5 19. Qxb5 Qxb5 20. Nxb5 Rc5 21. Nfd4 a6 22. Nd6 Nc8 23. Nxc8 Rfxc8 24.
g4 Kf8 25. h4 b5 26. a3 a5 27. Kb1 Rc4 28. g5 Ke7 29. gxh6 gxh6 30. Rhg1 b4 31.
cxb4 axb4 32. Rg7 Nf8 33. a4 b3 34. Rg3 Rxa4 35. Rxb3 Nd7 36. Rb7 Rcc4 37. Ne2
Rxf4 38. Nxf4 Rxf4 39. Rc1 Rc4 40. Rxc4 dxc4 41. Rb5 Kd8 42. Kc2 Kc7 43. Kc3
Kc6 44. Kxc4 Nb6+ 45. Rxb6+ Kxb6 46. h5 Kc6 47. b4 Kb6 48. b5 Kb7 49. Kc5 Kc7
50. b6+ Kb7 51. Kb5 1-0

[Event "Witten (ch open)"]
[Site "Annen"]
[Date "2012.03.23"]
[Round "7"]
[White "Reinoehl, Christian"]
[Black "Stergar, Lothar"]
[Result "1-0"]
[WhiteElo "2093"]
[BlackElo "1574"]
[PlyCount "47"]
[EventDate "2012.02.03"]
[EventType "swiss"]
[EventRounds "7"]
[EventCountry "GER"]
[Source "Lothar Stergar"]
[SourceDate "2012.02.04"]

1. e4 c5 2. Ne2 d6 3. d4 cxd4 4. Nxd4 Nf6 5. f3 (5. Nc3 {- Hartung,T (1904)
-Winterkamp,S (1953), (6) 2012}) 5... e5 6. Nb3 Be7 7. c4 O-O 8. Nc3 a6 9. Be3
Nbd7 10. Be2 b6 11. O-O {#} Qc7 (11... Bb7 12. Qd2 Rb8 13. Rfd1 Nh5 14. Rac1
Nc5 15. Nd5 Bxd5 16. cxd5 a5 17. Bb5 Nf4 18. Rc3 Ng6 19. Qc2 Bg5 20. Bf2 h5 21.
Nd2 Nf4 22. b3 Bh4 23. Bxh4 Qxh4 24. Nc4 Qe7 25. a3 a4 26. bxa4 h4 27. Ne3 g6
28. Rb1 h3 29. g3 Nh5 30. Bf1 Qd7 31. Rb5 Kg7 32. Nc4 Rh8 33. Nxb6 Qd8 34. Nc4
Ra8 35. a5 Qg5 36. Qc1 Qf6 37. Qd1 Qg5 38. Qc1 Qf6 39. Qe3 Na4 40. Rc2 Qe7 41.
Rb4 Qd7 42. Nb6 Nxb6 43. axb6 Nf6 44. Bb5 Qd8 45. a4 Ra5 46. Rc7 Nh5 47. Rbc4
Ra8 48. Rd7 Qf6 49. Rcc7 Rhf8 50. Bc6 Ra5 51. Bb5 Nf4 52. b7 Ng2 53. Qf2 Ne1
54. Qxe1 Qxf3 55. Rc2 Ra7 56. Rf2 Qa3 57. Qf1 Qc5 58. Kh1 {1-0 Giemza,J (2007)
-Leks,H (2172), Szklarska Poreba 2007}) 12. Rc1 Rd8 13. Nd2 Nf8 14. Nd5 Nxd5
15. cxd5 Qb7 16. Rc6 b5 17. Nb3 Bd7 18. Na5 Qb8 19. Rb6 Qa7 20. Qb3 Rab8 21.
Rc6 Qa8 22. Rc7 Rbc8 23. Ra7 Qb8 24. Rxa6 1-0

[Event "Witten (ch open)"]
[Site "Annen"]
[Date "2012.03.23"]
[Round "7"]
[White "Herrmann, Uwe"]
[Black "Zadow, Ralf"]
[Result "1-0"]
[WhiteElo "1933"]
[BlackElo "1860"]
[PlyCount "63"]
[EventDate "2012.02.03"]
[EventType "swiss"]
[EventRounds "7"]
[EventCountry "GER"]
[Source "Lothar Stergar"]
[SourceDate "2012.02.04"]

1. d4 Nf6 2. c4 c5 3. d5 g6 4. Nc3 Bg7 5. e4 d6 6. Bd3 (6. Nf3 {- Jellinghaus,
L (2120)-Zadow,R (1933), (5) 2003}) 6... Na6 7. f3 Bd7 8. Be3 {#} Rb8 (8... O-O
9. Nge2 Rb8 10. a3 Ne8 11. Qd2 Nac7 12. b4 b5 13. bxc5 bxc4 14. Bxc4 dxc5 15.
O-O Nd6 16. Bd3 Ncb5 17. Nxb5 Bxb5 18. Bxb5 Bxa1 19. Rxa1 Rxb5 20. Qc3 f6 21.
a4 Rb7 22. Bxc5 Qb8 23. Nd4 Rb1+ 24. Kf2 Qb2+ 25. Qxb2 Rxb2+ 26. Kg3 a6 27. Ba3
Rd2 28. Nc6 Kf7 29. Bxd6 exd6 30. Rb1 f5 31. Rb7+ Kf6 32. Rd7 fxe4 33. fxe4 Kg5
34. h4+ Kh6 35. Rxd6 Rff2 36. Ne7 Kh5 37. Ng8 Rxg2+ 38. Kf4 Kxh4 39. Rxa6 Rde2
40. Nf6 g5+ 41. Ke5 Rgf2 42. d6 Rd2 43. d7 Rxf6 44. Kxf6 Rxd7 45. e5 Rd1 46. e6
Rf1+ 47. Kg7 Re1 48. Kf7 Rf1+ 49. Ke8 g4 50. e7 g3 51. Rh6+ Kg4 52. Rxh7 g2 53.
Rg7+ Kh3 54. a5 g1=Q 55. Rxg1 Rxg1 56. a6 Ra1 57. Kf8 Rf1+ 58. Kg8 Rg1+ 59. Kh8
Re1 60. a7 Rxe7 61. a8=Q Re3 62. Kg7 Kg4 63. Kf6 Rf3+ 64. Ke6 Re3+ 65. Kd5 Rf3
66. Qg8+ Kf5 67. Qf7+ Kg4 68. Qg6+ Kf4 69. Qd6+ Kf5 70. Qe5+ Kg4 71. Ke4 Rg3 {
1-0 Rabar,B-Milic,B, Sarajevo 1951}) 9. a4 Qa5 10. Ra3 h5 11. Nge2 h4 12. Kf2
Nh5 13. Bg5 Nb4 14. Bb1 Qa6 15. Nb5 Qa5 16. Nbc3 Qa6 17. Nb5 Qa5 18. Qd2 h3 19.
g3 Be5 20. g4 Nf6 21. Bf4 Bxf4 22. Qxf4 Bxb5 23. axb5 Qb6 24. e5 Nbxd5 25. cxd5
Nxd5 26. Qc4 Nc7 27. exd6 exd6 28. Re3+ Kf8 29. Nf4 Qxb5 30. Qc3 Rh7 31. Qf6
Qc6 32. Nxg6+ 1-0

[Event "Witten (ch open)"]
[Site "Annen"]
[Date "2012.03.23"]
[Round "7"]
[White "Bortel, Peter"]
[Black "Sondermann, Dirk"]
[Result "1-0"]
[WhiteElo "1821"]
[BlackElo "1807"]
[PlyCount "85"]
[EventDate "2012.02.03"]
[EventType "swiss"]
[EventRounds "7"]
[EventCountry "GER"]
[Source "Lothar Stergar"]
[SourceDate "2012.02.04"]

1. e4 e6 2. b3 d5 3. Bb2 dxe4 4. Nc3 Nf6 5. Qe2 Bb4 (5... Qd4 {- Bortel,P 
(1897)-Morawietz,M (1768), (3) 2008}) 6. O-O-O Bxc3 7. dxc3 Qe7 8. g4 h6 9. h4
e5 10. Bh3 g5 11. f3 Nc6 {#} 12. hxg5 (12. fxe4 Bd7 13. h5 O-O-O 14. Qf3 Be6
15. Rf1 Nxh5 16. gxh5 g4 17. Qf6 Qxf6 18. Rxf6 gxh3 19. Nxh3 Rdg8 20. Kb1 Kd7
21. Ba3 Bxh3 22. Rxh3 Rg1+ 23. Bc1 Ke7 24. Rhf3 Rh7 25. Kb2 Rh1 26. R3f5 Rh4
27. Rxh6 Rxh6 28. Bxh6 Rxe4 29. Bg5+ Kf8 30. Bf6 Kg8 31. Rg5+ Kh7 32. Rg7+ Kh6
33. Rxf7 Rf4 34. Bg7+ Kxh5 35. Rxc7 e4 36. Rxb7 e3 37. c4 e2 38. Bc3 Rf3 39.
Bd2 Rf1 40. Rc7 Nd4 41. Rxa7 Rd1 42. Bc3 {1-0 Rubinowski,S (2042)-Szulc,M 
(2215), Wisla 2000}) 12... hxg5 13. Qe3 Bd7 14. Ne2 O-O-O 15. Ng3 exf3 16. Qxg5
Rdg8 17. Qe3 Nxg4 18. Qxf3 f5 19. Nxf5 Qg5+ 20. Ne3 Rxh3 21. Rxh3 Nxe3 22. Rxd7
Kxd7 23. Qxe3 Qxe3+ 24. Rxe3 Rg2 25. b4 b5 26. a3 Rg1+ 27. Kd2 Rb1 28. Bc1 Ra1
29. Re1 Ke6 30. Rh1 Ne7 31. c4 bxc4 32. Kc3 Kd5 33. Kb2 Rxc1 34. Kxc1 c3 35.
Kd1 e4 36. Ke2 Nf5 37. Rh7 Nd4+ 38. Kd1 e3 39. Rxc7 e2+ 40. Ke1 Nxc2+ 41. Kxe2
Nxa3 42. Rxc3 Nc4 43. Kd3 1-0

[Event "Witten (ch open)"]
[Site "Annen"]
[Date "2012.03.23"]
[Round "7"]
[White "Dahlbeck, Mirko"]
[Black "Kurz, Heinrich"]
[Result "1-0"]
[WhiteElo "1750"]
[BlackElo "1634"]
[PlyCount "84"]
[EventDate "2012.02.03"]
[EventType "swiss"]
[EventRounds "7"]
[EventCountry "GER"]
[Source "Lothar Stergar"]
[SourceDate "2012.02.04"]

1. e4 e5 2. Nf3 d6 3. Bc4 Be7 (3... Nf6 {- Gemarius de Kepper,F (1292)-Bock,H 
(938), (6) 2008}) 4. d4 Nc6 5. d5 Na5 6. Be2 b6 7. b4 Nb7 8. Bb5+ Bd7 9. Bc6
Rb8 {#} 10. c4 (10. O-O Nf6 11. Nc3 a6 12. Qd3 b5 13. a4 a5 14. axb5 axb4 15.
Na4 Bxc6 16. bxc6 Nc5 17. Nxc5 dxc5 18. Nxe5 O-O 19. Nc4 Re8 20. Bb2 Bf8 21.
Rfe1 h6 22. Rad1 Ra8 23. e5 Nh7 24. d6 Re6 25. f4 cxd6 26. f5 Re8 27. Nxd6 Bxd6
28. exd6 Rxe1+ 29. Rxe1 Nf8 30. c7 Qc8 31. Qd5 Ra6 32. Re7 {1-0 Matiusinsky,V 
(2014)-Galiullin,Z (1760), Celiabinsk 2009}) 10... a5 11. a3 Nf6 12. Nc3 O-O
13. Qa4 h6 14. Bd2 Qe8 15. O-O Bxc6 16. dxc6 Nd8 17. b5 Ne6 18. Rad1 Qc8 19.
Qc2 Nc5 20. Be3 Ne6 21. Nd5 Nxd5 22. cxd5 Nd8 23. Nd2 f5 24. f4 exf4 25. Rxf4
Bg5 26. Rf3 Bxe3+ 27. Rxe3 f4 28. Rf3 Qg4 29. Rdf1 Rf6 30. Nc4 Nf7 31. Qc1 Re8
32. Rxf4 Qe2 33. Rxf6 gxf6 34. Qf4 Qxe4 35. Qxf6 Rf8 36. Nxd6 Qe3+ 37. Kh1 Qe5
38. Qg6+ Qg7 39. Qxg7+ Kxg7 40. Rxf7+ Rxf7 41. Nxf7 Kxf7 42. d6 Ke8 1-0

[Event "Witten (ch open)"]
[Site "Annen"]
[Date "2012.03.23"]
[Round "7"]
[White "Claus, Joachim"]
[Black "Hartung, Thomas"]
[Result "1-0"]
[WhiteElo "1638"]
[BlackElo "1904"]
[PlyCount "61"]
[EventDate "2012.02.03"]
[EventType "swiss"]
[EventRounds "7"]
[EventCountry "GER"]
[Source "Lothar Stergar"]
[SourceDate "2012.02.04"]

1. e4 c5 2. d4 cxd4 3. c3 dxc3 4. Nxc3 Nc6 5. Nf3 d6 6. Bc4 e6 (6... Nf6 {-
Zadow,R (1980)-Bortel,P (1776), (8) 2000}) 7. O-O a6 8. Qe2 Nf6 9. Rd1 Be7 10.
Bf4 O-O 11. Rac1 b5 12. Bb3 Qc7 13. Nd5 exd5 14. exd5 Bg4 15. Rxc6 {#} Bxf3 (
15... Qd7 16. Rdc1 Rfe8 17. Qd3 (17. Rc7 Qf5 18. Rxe7 Rxe7 19. Qxe7 Qxf4 20.
Qe3 Qf5 21. Nd4 Qh5 22. Nc6 Re8 23. Qd3 Bf5 24. Qd1 Qg5 25. Nd4 Be4 26. f3 Bxd5
27. Bxd5 Nxd5 28. a3 h6 29. b3 Qe3+ 30. Kh1 Nf4 31. b4 Nd3 {0-1 Kraus,
T-Hamelink,D (2112), BRD 2001}) 17... Bh5 18. Nd2 Bf8 19. f3 Bg6 20. Qd4 h6 21.
Nf1 a5 22. a3 Rab8 23. Rc7 Qd8 24. Ng3 Nd7 25. R7c6 Nc5 26. Bc2 Bxc2 27. Rxc2
b4 28. Ne4 bxa3 29. bxa3 Rb1+ 30. Kf2 Qh4+ 31. Bg3 Rxe4 32. fxe4 Nxe4+ 33. Kf3
Rf1+ 34. Bf2 f5 35. h3 Qg3+ 36. Ke2 Rxf2+ 37. Kd1 Rf1+ 38. Ke2 Qxg2+ 39. Kd3
Rd1+ 40. Kc4 Qxc2+ 41. Kb5 {0-1 Nielsen,L (2200)-Nielsen,J (2200), Haderslev
1981}) 16. Qxf3 Qd7 17. h3 Rfc8 18. Rdc1 Qe8 19. Qe2 Rxc6 20. Rxc6 Qd7 21. Qc2
Ne8 22. a4 Bf6 23. Ba2 bxa4 24. Bb1 g6 25. Qxa4 Bxb2 26. Bd3 Bf6 27. Bd2 Nc7
28. Qb3 a5 29. Qb7 Rc8 30. Bxa5 Bd8 31. Bb5 1-0

[Event "Witten (ch open)"]
[Site "Annen"]
[Date "2012.03.23"]
[Round "7"]
[White "Hoelzer, Thomas"]
[Black "Luebke, Hans Joachim"]
[Result "1-0"]
[WhiteElo "1708"]
[BlackElo "1277"]
[PlyCount "69"]
[EventDate "2012.02.03"]
[EventType "swiss"]
[EventRounds "7"]
[EventCountry "GER"]
[Source "Lothar Stergar"]
[SourceDate "2012.02.04"]

1. e4 c5 2. b4 cxb4 3. a3 d6 (3... Nf6 {- Henke,B (2030)-Hustert,V (1990), (7)
1994}) 4. axb4 {#} b6 (4... e5) (4... Qb6) (4... g6) (4... e6) (4... Nf6 {- B
20/1}) 5. d4 e6 6. Bd2 Be7 7. c4 Qc7 8. Nc3 a6 9. d5 Qb7 10. Bd3 Bf6 11. Rc1
Bxc3 12. Bxc3 e5 13. f4 Qe7 14. Nf3 Nd7 15. O-O Ngf6 16. fxe5 dxe5 17. Qa4 O-O
18. Qc6 Rb8 19. Qa4 Bb7 20. Bb2 Rbc8 21. Ba3 Qe8 22. c5 b5 23. Qb3 Ba8 24. Bb2
Ng4 25. Bb1 Nh6 26. c6 Nb6 27. Nxe5 Qe7 28. Rf2 Qh4 29. Qd3 Ng4 30. Nxg4 Qxg4
31. Rcf1 Qg6 32. Rf3 Qd6 33. Qd4 f6 34. Qxb6 Qxb4 35. Ba3 1-0

[Event "Witten (ch open)"]
[Site "Annen"]
[Date "2012.03.23"]
[Round "7"]
[White "Koch, Detlev"]
[Black "Daemmrich, Dagmar"]
[Result "1-0"]
[WhiteElo "1341"]
[BlackElo "1136"]
[PlyCount "127"]
[EventDate "2012.02.03"]
[EventType "swiss"]
[EventRounds "7"]
[EventCountry "GER"]
[Source "Lothar Stergar"]
[SourceDate "2012.02.04"]

1. a3 d5 2. e3 (2. Nf3 {- Zadow,R (1860)-Drzasga,M (1977), (7) 2011}) 2... Nf6
3. c4 c6 4. d4 e6 5. cxd5 exd5 {#} 6. Be2 (6. h3 Bf5 7. Nf3 h6 8. Nc3 Bd6 9.
Bd3 Qd7 10. Bxf5 Qxf5 11. O-O Nbd7 12. Bd2 g5 13. Nh2 h5 14. Rc1 O-O-O 15. Qf3
Bxh2+ 16. Kxh2 Qxf3 17. gxf3 g4 18. fxg4 hxg4 19. Kg2 gxh3+ 20. Kh2 Rdg8 21.
Rg1 Ng4+ 22. Rxg4 Rxg4 23. Rg1 Nf6 24. Be1 Kd7 25. Ne2 Rxg1 26. Nxg1 Ng4+ 27.
Kh1 Ke6 28. Nf3 Kf5 29. Ne5 Nxe5 30. dxe5 Rh7 31. f4 Ke4 32. Bf2 Kf3 33. Bg1 h2
34. Bxh2 Kxe3 35. Kg2 Rxh2+ {0-1 Brahn,H (1561)-Poetsch,G (1766), Bad Zwesten
2004}) (6. Nc3 Bd6 7. Nf3 Bg4 8. Bd3 O-O 9. O-O Qc7 10. h3 Bh5 11. b4 Re8 12.
Re1 Ne4 13. Bb2 Re6 14. Be2 Rg6 15. Nh4 Bh2+ 16. Kf1 Nxf2 17. Qc2 Bxe2+ 18.
Rxe2 Rf6 19. Rxf2 Rxf2+ 20. Kxf2 Qg3+ 21. Ke2 Qxh4 22. Rf1 Nd7 23. Rc1 Re8 24.
Nd1 Bf4 25. Qc3 Qg3 26. Kf1 Bxe3 27. Nxe3 Rxe3 28. Qd2 Nb6 29. Qf2 Nc4 30. Qxg3
Rxg3 31. Re1 Kf8 32. Bc1 Nxa3 33. Bf4 Rg6 34. Bd6+ Rxd6 {0-1 Laurutyte,
I-Juknaite,A, Nemencine 2010}) 6... Be7 7. f4 O-O 8. Nf3 Ne4 9. O-O Bf5 10.
Nbd2 Nd7 11. b4 b5 12. Bb2 Nb6 13. Rc1 Qd7 14. Nb3 Na4 15. Ba1 a5 16. Nc5 Qc7
17. Nd2 Ra7 18. Ndxe4 dxe4 19. g4 Bc8 20. g5 Bf5 21. d5 Nxc5 22. Qd4 f6 23.
bxc5 Qc8 24. d6 Bd8 25. h4 Rb7 26. h5 h6 27. g6 Bg4 28. Qd1 Bf5 29. Bd4 Kh8 30.
Kh2 Qd7 31. Kg3 b4 32. axb4 axb4 33. Bg4 Bxg4 34. Qxg4 f5 35. Qd1 Qe6 36. Qe2
Bf6 37. Qc4 Qxc4 38. Rxc4 b3 39. Rb1 Bxd4 40. Rxd4 Rd8 41. Ra4 b2 42. Ra2 Rb3
43. Kf2 Kg8 44. Raxb2 Rxb2+ 45. Rxb2 Kf8 46. Ke2 Ke8 47. Kd2 Kd7 48. Rb7+ Ke6
49. Rxg7 Kf6 50. Ra7 Rb8 51. Kc2 Rb5 52. g7 Rb8 53. Rc7 Ra8 54. Kb2 Rb8+ 55.
Kc3 Ra8 56. Kb4 Rb8+ 57. Ka5 Ra8+ 58. Kb6 Rg8 59. Kxc6 Rd8 60. Kb7 Rg8 61. Re7
Rd8 62. Kc7 Ra8 63. Kb7 Rg8 64. c6 1-0